Central Library OPAC University of Rajshahi

Fish processing technology / (Record no. 73614)

MARC details
000 -LEADER
fixed length control field 00781nam a2200265 a 4500
001 - CONTROL NUMBER
control field 73614
003 - CONTROL NUMBER IDENTIFIER
rucl marc code BD-RjUL
005 - DATE AND TIME OF LATEST TRANSACTION
control field 20211209082423.0
008 - FIXED-LENGTH DATA ELEMENTS--GENERAL INFORMATION
fixed length control field 170605s1985 ii a b 001 0 eng d
020 ## - INTERNATIONAL STANDARD BOOK NUMBER
International Standard Book Number 8120400550
035 ## - SYSTEM CONTROL NUMBER
System control number (BD-RjUL)73832
040 ## - CATALOGING SOURCE
Original cataloging agency DLC
Transcribing agency DLC
Modifying agency BD-RjUL
Language of cataloging eng
041 ## - LANGUAGE CODE
Language code of text/sound track or separate title eng
082 00 - DEWEY DECIMAL CLASSIFICATION NUMBER
Classification number 639.20954
Edition number 23
Author mark and year GOF 1985
100 1# - MAIN ENTRY--PERSONAL NAME
Personal name Govindan, T. K.
9 (RLIN) 217863
245 10 - TITLE STATEMENT
Title Fish processing technology /
Statement of responsibility, etc. T K Govindan
260 ## - PUBLICATION, DISTRIBUTION, ETC. (IMPRINT)
Place of publication, distribution, etc. New Delhi :
Name of publisher, distributor, etc. Oxford & IBH,
Date of publication, distribution, etc. 1985.
300 ## - PHYSICAL DESCRIPTION
Pagination v, 252 p. :
Illustrations ill. ;
Size 23 cm
504 ## - BIBLIOGRAPHY, ETC. NOTE
Bibliography, etc Includes bibliographical references and index.
650 #0 - SUBJECT ADDED ENTRY--TOPICAL TERM
Topical term or geographic name as entry element Fisheries
Geographic subdivision India
9 (RLIN) 217864
Topical term or geographic name as entry element Fishery processing.
9 (RLIN) 217865
Topical term or geographic name as entry element Fishery technology.
9 (RLIN) 217866
942 ## - ADDED ENTRY ELEMENTS (KOHA)
Source of classification or shelving scheme Dewey Decimal Classification
Koha item type Books
Holdings
Lost status Source of classification or shelving scheme Damaged status Not for loan Collection code Permanent Location Current Location Shelving location Date acquired Source of acquisition Cost, normal purchase price Total Checkouts Full call number Date last seen Copy number Koha item type
  Dewey Decimal Classification   Not For Loan Non-fiction Central Library, University of Rajshahi Central Library, University of Rajshahi Reading Room 15/05/1995 Book View 187.00   639.20954 GOF 1985 05/06/2017 C-1 Books